Side-gate and stile : (Record no. 120367)
[ view plain ]
| 000 -LEADER | |
|---|---|
| fixed length control field | 01106cam a2200325 i 4500 |
| 001 - CONTROL NUMBER | |
| control field | 142547 |
| 003 - CONTROL NUMBER IDENTIFIER | |
| control field | ARRUPE |
| 005 - DATE AND TIME OF LATEST TRANSACTION | |
| control field | 20140402144444.0 |
| 008 - FIXED-LENGTH DATA ELEMENTS--GENERAL INFORMATION | |
| fixed length control field | 830302s1981 rh a 000 0aeng d |
| 020 ## - INTERNATIONAL STANDARD BOOK NUMBER | |
| International Standard Book Number | 0869202235 |
| 035 ## - SYSTEM CONTROL NUMBER | |
| System control number | (OCoLC)9037844 |
| 035 ## - SYSTEM CONTROL NUMBER | |
| System control number | (OCoLC)ocm09037844 |
| 035 ## - SYSTEM CONTROL NUMBER | |
| System control number | (CStRLIN)NYCG83-B16178 |
| 035 ## - SYSTEM CONTROL NUMBER | |
| System control number | (NNC)142547 |
| 040 ## - CATALOGING SOURCE | |
| Original cataloging agency | CSt-H |
| Transcribing agency | CSt-H |
| Modifying agency | NNC |
| 043 ## - GEOGRAPHIC AREA CODE | |
| Geographic area code | f-rh--- |
| 090 ## - LOCALLY ASSIGNED LC-TYPE CALL NUMBER (OCLC); LOCAL CALL NUMBER (OCLC) | |
| Classification number (OCLC) (R) ; Classification number, CALL (RLIN) (NR) | PR9390.9.B67 |
| Local cutter number (OCLC) ; Book number/undivided call number, CALL (RLIN) | Z475 1981 |
| 300 ## - PHYSICAL DESCRIPTION | |
| Other physical details | ill. ; |
| Dimensions | 23 cm. |
| 100 1# - MAIN ENTRY--PERSONAL NAME | |
| Personal name | Brettell, N. H. |
| 9 (RLIN) | 9727 |
| 245 10 - TITLE STATEMENT | |
| Title | Side-gate and stile : |
| Remainder of title | an essay in autobiography / |
| Statement of responsibility, etc | by N.H. Brettell ; with a forward by D.E. Borrell and a selection of verse by the author. |
| 260 ## - PUBLICATION, DISTRIBUTION, ETC. (IMPRINT) | |
| Place of publication, distribution, etc | Bulawayo : |
| Name of publisher, distributor, etc | Books of Zimbabwe, |
| Date of publication, distribution, etc | 1981. |
| 300 ## - PHYSICAL DESCRIPTION | |
| Extent | xxii, 238 p., [8] leaves of plates : |
| 490 1# - SERIES STATEMENT | |
| Series statement | Men of our time ; |
| Volume number/sequential designation | v. 6 |
| 600 10 - SUBJECT ADDED ENTRY--PERSONAL NAME | |
| Personal name | Brettell, N. H. |
| Form subdivision | Biography. |
| 9 (RLIN) | 9728 |
| 650 #0 - SUBJECT ADDED ENTRY--TOPICAL TERM | |
| Topical term or geographic name as entry element | Poets, Zimbabwean |
| Form subdivision | Biography. |
| 9 (RLIN) | 9729 |
| 650 #0 - SUBJECT ADDED ENTRY--TOPICAL TERM | |
| Topical term or geographic name as entry element | English teachers |
| Geographic subdivision | Zimbabwe |
| Form subdivision | Biography. |
| 9 (RLIN) | 9730 |
| 650 #0 - SUBJECT ADDED ENTRY--TOPICAL TERM | |
| Topical term or geographic name as entry element | Zimbabwean poetry (English) |
| 9 (RLIN) | 9731 |
| 830 #0 - SERIES ADDED ENTRY--UNIFORM TITLE | |
| Uniform title | Men of our time ; |
| Volume number/sequential designation | v. 6. |
| 9 (RLIN) | 9732 |
| 942 ## - ADDED ENTRY ELEMENTS (KOHA) | |
| Source of classification or shelving scheme | Library of Congress Classification |
| Koha item type | REFERENCE |
| Withdrawn status | Lost status | Source of classification or shelving scheme | Damaged status | Not for loan | Collection code | Home library | Current library | Shelving location | Date acquired | Total Checkouts | Full call number | Barcode | Date last seen | Price effective from | Koha item type |
|---|---|---|---|---|---|---|---|---|---|---|---|---|---|---|---|
| Library of Congress Classification | SPECIAL Collection | ARRUPE LIBRARY | ARRUPE LIBRARY | Main Collection | 02/04/2014 | PR9390.9.B67A3 | 46500001793 | 02/04/2014 | 02/04/2014 | REFERENCE |